000 00227nam a2200097Ia 4500
008 190216s9999||||xx |||||||||||||| ||und||
100 _aElayath P N N
245 0 _aVisleshaka Jyamithi
260 _bKerala Basha Inst
942 _cBK
999 _c37772
_d37772